000 01542nam a2200313Ia 4500
999 _c49366
_d49366
001 16283
003 GE_BSU
005 20250508105208.0
008 181216s2011||||ge |||||||||||||| ||geo||
020 _a9789941103391
040 _cGE_BSU
041 _ageo
080 _a347.965(075.8) ა-35
100 _aაქუბარდია, ირინა
_99287
245 _aდაცვის ხელოვნება :
_b[სახელმძღვ. იურიდ. სპეც. სტუდ.] /
_cირინა აქუბარდია; [რედ. გურამ ნაჭყებია].
245 _bსახელმძღვ. იურიდ. სპეც. სტუდ.
245 _cრედ. გურამ ნაჭყებია
260 _bმერიდიანი
260 _c2011
264 _aთბილისი :
_bმერიდიანი,
_c2011.
300 _a296 გვ.;
_b21სმ.
300 _bრეზ. რუს. და ინგლ.. - ბიბლიოგრ. ტექსტ. შენიშვნ. და გვ. 288-29
504 _aბიბლიოგრ. ტექსტ. შენიშვნ. და გვ. 288-295.
520 _aრეზ. რუს. და ინგლ.
653 _a- დაცვა სისხლის სამართალში;
653 _aდაცვა სისხლის სამართალში
700 _aნაჭყებია, გურამ
_eრედაქტორი
_9219
942 _cBK
_2udc